000 00286nam a22001337a 4500
008 170616b xxu||||| |||| 00| 0 eng d
020 _a9780618783434
041 _aeng
080 _29TH
_a32
100 _a20
101 _aSHP
245 _aGLOBAL POLITICS
_cRAY,J.L
942 _2udc
_cBK
999 _c17819
_d17819